000 03907nam a22006615i 4500
001 978-3-319-54072-6
003 DE-He213
005 20210118132652.0
007 cr nn 008mamaa
008 170216s2017 gw | s |||| 0|eng d
020 _a9783319540726
_9978-3-319-54072-6
024 7 _a10.1007/978-3-319-54072-6
_2doi
050 4 _aQA75.5-76.95
072 7 _aUY
_2bicssc
072 7 _aCOM037000
_2bisacsh
072 7 _aUY
_2thema
082 0 4 _a004.0151
_223
245 1 0 _aMembrane Computing
_h[electronic resource] :
_b17th International Conference, CMC 2016, Milan, Italy, July 25-29, 2016, Revised Selected Papers /
_cedited by Alberto Leporati, Grzegorz Rozenberg, Arto Salomaa, Claudio Zandron.
250 _a1st ed. 2017.
264 1 _aCham :
_bSpringer International Publishing :
_bImprint: Springer,
_c2017.
300 _aX, 363 p. 52 illus.
_bonline resource.
336 _atext
_btxt
_2rdacontent
337 _acomputer
_bc
_2rdamedia
338 _aonline resource
_bcr
_2rdacarrier
347 _atext file
_bPDF
_2rda
490 1 _aTheoretical Computer Science and General Issues ;
_v10105
520 _aThis book contains revised selected papers from the 17th International Conference on Membrane Computing, CMC 2017, held in Milan, Italy, in July 2016. The 19 full papers presented in this volume were carefully reviewed and selected from 28 submissions. They deal with membrane computing (P systems theory), an area of copmputer science aiming to abstract computing ideas and models from the structure and the functioning of living cells, as well as from the way the cells are organized in tissues or higher order structures. The volume also contains 3 invited talks in full-paper length. .
650 0 _aComputers.
650 0 _aAlgorithms.
650 0 _aSoftware engineering.
650 0 _aComputer logic.
650 0 _aPattern recognition.
650 1 4 _aComputation by Abstract Devices.
_0http://scigraph.springernature.com/things/product-market-codes/I16013
650 2 4 _aAlgorithm Analysis and Problem Complexity.
_0http://scigraph.springernature.com/things/product-market-codes/I16021
650 2 4 _aSoftware Engineering.
_0http://scigraph.springernature.com/things/product-market-codes/I14029
650 2 4 _aLogics and Meanings of Programs.
_0http://scigraph.springernature.com/things/product-market-codes/I1603X
650 2 4 _aPattern Recognition.
_0http://scigraph.springernature.com/things/product-market-codes/I2203X
700 1 _aLeporati, Alberto.
_eeditor.
_4edt
_4http://id.loc.gov/vocabulary/relators/edt
700 1 _aRozenberg, Grzegorz.
_eeditor.
_4edt
_4http://id.loc.gov/vocabulary/relators/edt
700 1 _aSalomaa, Arto.
_eeditor.
_4edt
_4http://id.loc.gov/vocabulary/relators/edt
700 1 _aZandron, Claudio.
_eeditor.
_0(orcid)0000-0002-2163-7639
_1https://orcid.org/0000-0002-2163-7639
_4edt
_4http://id.loc.gov/vocabulary/relators/edt
710 2 _aSpringerLink (Online service)
773 0 _tSpringer eBooks
776 0 8 _iPrinted edition:
_z9783319540719
776 0 8 _iPrinted edition:
_z9783319540733
830 0 _aTheoretical Computer Science and General Issues ;
_v10105
856 4 0 _uhttps://doi.org/10.1007/978-3-319-54072-6
912 _aZDB-2-SCS
912 _aZDB-2-LNC
999 _c448279
_d448279
942 _cEB
506 _aAvailable to subscribing member institutions only. Доступно лише організаціям членам підписки.
506 _fOnline access from local network of NaUOA.
506 _fOnline access with authorization at https://link.springer.com/
506 _fОнлайн-доступ з локальної мережі НаУОА.
506 _fОнлайн доступ з авторизацією на https://link.springer.com/